00887nam a2200253 a 450000100060000000300080000600500170001400800410003103500190007204000310009104100080012208200250013010000360015524500710019126000310026230000290029349000280032250000200035065000410037083000360041194200120044799900170045995201570047670263BD-RjUL20211209082000.0170416s1945 nyua 001 0 eng d a(BD-RjUL)70477 aDLC/ICUcICUdBD-RjULbeng aeng00a548.83223bZAT 19451 aZachariasen, William H.920808110aTheory of X-ray diffraction in crystals /cWilliam H. Zachariasen  aNew York :bDover, c1945. a255 p. :bill. ;c22 cm. aDover phoenix editions. aIncludes Index. aDiffraction crystallography9208082 aDover phoenix editions.9208096 2ddccBK c70263d70263 00102ddc40718NFICaRUCLbRUCLcReadingd2021-12-09eJonathan Wren & Co.,Londong125.00l0o548.83 ZAT 1945r2017-04-16 00:00:00tC-1w2017-04-16yBK